| 000 | 00775pam a2200241 a 4500 | ||
|---|---|---|---|
| 003 | OSt | ||
| 005 | 20180815142354.0 | ||
| 008 | 020712s2003 enka b 001 0 eng | ||
| 020 | _a9780582356924 | ||
| 040 |
_aDLC _cDLC _dC#P _dUKM _dCIN _beng |
||
| 050 | 0 | 0 |
_aQC173 _b.B677 2003 |
| 082 | 0 | 0 |
_a539 _221 _bBBP |
| 100 | 1 |
_aBransden, B. H., _d1926- _964074 |
|
| 245 | 1 | 0 |
_aPhysics of atoms and molecules / _cB.H. Bransden and C.J. Joachain |
| 250 | _a2nd ed | ||
| 260 |
_aHarlow, England ; _aNew York : _bPrentice Hall, _cc2003 |
||
| 300 |
_axiv, 1114 p. : _bill. ; _c24 cm |
||
| 504 | _aIncludes bibliographical references (p. 1077-1081) and indexes | ||
| 650 | 0 |
_aAtoms _98910 |
|
| 650 | 0 |
_aMolecules _915954 |
|
| 700 | 1 |
_aJoachain, C. J. _q(Charles Jean) _964075 |
|
| 942 | _cBOOK | ||
| 999 |
_c42553 _d312173 |
||